00379nam a2200133Ia 4500008004100000020001800041041000800059082001600067100003000083245004500113260005800158300001600216365001300232210423s2010 xx 000 0 und d a9788126913695 aeng a808.87 SINS aSINGH (Satyendra Prasad). aInstitutional satire in Dickens fiction. aNew DelhibAtlantic Publishers and Distributorsc2010 axiv,286bHB b695cINR